| 000 | 00815nam a2200169 a 4500 | ||
|---|---|---|---|
| 008 | 140728s2013 ||||||||||||||||| || u | ||
| 050 | _aIIED(05)EU/2013/25/2 | ||
| 110 | _aInternational Institute for Environment and Development (IIED) | ||
| 245 | 1 | 0 |
_aEnvironment and urbanization: towards resilience and transformation for cities II _cby International Institute for Environment and Development [IIED] |
| 260 |
_aLondon: _bInternational Institute for Environment and Development (IIED) _c2013 |
||
| 300 | _a604p.: ill. | ||
| 490 | _aVol.26, No.1 - April 2014 | ||
| 650 | 0 | _aSUSTAINABLE DEVELOPMENT | |
| 650 | _aCITIES--TRANSFORMATION | ||
| 650 | _aURBANIZATION | ||
| 995 |
_FCBU-MAIN LIBRARY (Kitwe) _M1 _UAVAILABLE _WJul 28, 2014 _ZInternational Publications |
||
| 999 |
_c42148 _d42148 |
||